|
|
|
|
| LEADER |
00000cam a2200000 a 4500 |
| 001 |
vtls008865656 |
| 003 |
SK-MaSNL |
| 005 |
20260425233124.0 |
| 008 |
220509s1592 fr a 0 lat |
| 015 |
|
|
|a SNBHFA1592
|
| 020 |
|
|
|q (viazaná)
|
| 035 |
|
|
|a urn:nbn:sk:snk-am00gdii
|
| 035 |
|
|
|a urn:nbn:sk:snk-am3iz9x
|
| 035 |
|
|
|a 1A6DD5D8-7F03-4F87-B37C-12569210186C
|
| 040 |
|
|
|a SNKHF
|b slo
|c SNK
|e AACR2
|
| 041 |
1 |
|
|a lat
|h grc
|
| 044 |
|
|
|a fr
|c FR
|
| 072 |
|
7 |
|a 101
|x Filozofia
|2 konspekt
|
| 080 |
|
|
|a 101
|2 2011
|
| 100 |
0 |
|
|a Diogenes Laertius,
|d 3. storočie
|4 aut
|9 127349
|
| 245 |
1 |
|
|a Diogenis Laertii De Vita Et Moribvs Philosophorvm, Libri X
|b Recens ad fidem Graeci codicis diligenter recogniti. Cum Indice locupletissimo
|
| 260 |
|
|
|a Lvgdvni
|b Apud Antonivm Gryphivm
|c M.D.XCII [=1592]
|
| 300 |
|
|
|a 670, [24] strán
|c 12 cm
|
| 500 |
|
|
|a Titulný list so signetom, vlysy, iniciálky s ornamentálnym pozadím na 4 riadky, kustody
|
| 510 |
4 |
|
|a BNP
|c 40/875
|
| 561 |
|
|
|a Proveniencia: Pečiatka Museálna Slovenská Spoločnosť.
|5 SNK IE 5078
|
| 563 |
|
|
|a Väzba: lepenková.
|5 SNK IE 5078
|
| 650 |
0 |
7 |
|a filozofia
|2 SNKPH
|9 793
|
| 700 |
1 |
|
|a Gryphius, Antoine,
|d 1527-1599
|4 prt
|9 53977
|
| 710 |
2 |
|
|a Muzeálna slovenská spoločnosť (Martin, Slovensko)
|4 pss
|9 33033
|
| 710 |
0 |
|
|a Gryphius, Antoine (Lyon, Francúzsko),
|d 1565-1599
|4 prt
|9 305383
|
| 752 |
|
|
|a Francúzsko
|d Lyon
|
| 852 |
|
|
|a snk
|b Historické fondy
|p IE 5078
|
| 958 |
|
|
|a ONDV
|
| 999 |
|
|
|c 757249
|d 759179
|
| 952 |
|
|
|t Tlače 16. stor.
|a SNK
|b SNK
|c SNK_HF
|y PREZ
|7 0
|p 17A1301944
|o snkIE 5078
|i snkF 1440/73
|8 5
|0 0
|1 0
|4 0
|d 2019-01-03
|f 1
|l 0
|r 2026-02-23 23:53:05
|w 2026-02-23
|